000 00469nam a22001697a 4500
005 20251108175914.0
008 250721s2021 xx 000 0 ara d
082 1 4 _a658.4/موس
100 1 _aموسى، غانم فنجان
245 1 0 _aانتكاس القيادة /
264 1 _aعمان :
_bزمزم ناشرون و موزعون،
_c2021.
300 _a408ص.
650 1 7 _aالادارة
650 1 7 _aالقيادة
942 _2ddc
_cBK
999 _c145211
_d145211